00667nam a22001577a 450000500170000000800410001704000250005804100080008304400070009124501020009826000960020030000340029650001220033065000300045265000270048220150610020002.0131113b2000 ck ||||| |||| 00| 0 spa d aCO-BoIAVHcCO-BoIAVH aspa ack aUso y valoracion de fauna silvestre y definicion de criterios para el control del trafico ilegal  aBogotabInstituto de Investigación de Recursos Biológicos Alexander von Humboldtc2000 a120 p.bmapas, tablasc27 cm. aInforme sobre el marco de la politica nacional para la fauna silvestre propuesta por el ministerio del medio ambiente aFauna silvestrezColombia aBiodiversidazColombia